Moral instructions of a father to his son, ready to undertake a long voyage : Or, An Easy manner of forming a young man to all kinds of virtue. Transalated from the French of Silvester du Four. To which is added, a collection of moral instruction in prose and verse, from the best authors.

Bibliographic Details
Main Author: Dufour, Philippe Sylvestre, 1622-1687
Corporate Author: Gale (Firm)
Format: eBook
Language:English
Published: Edinburgh : Printed for W. Gray, and C. Elliot, Booksellers, MDCCLXXV. [1775]
Subjects:
Online Access:Connect to the full text of this electronic book

MARC

Tag First Indicator Second Indicator Subfields
LEADER 00000cam a2200000 4500
001 in00003807921
005 20190415184908.0
006 m o d
007 cr |n||||||||n
008 870407s1775 stk|||| o 00||||eng c
035 |a (CU-RivES)T170125 
035 |a (Uk-ES)006264952 
035 |a (OCoLC)509153891 
040 |a Uk-ES  |c Uk-ES  |d CU-RivES  |d CStRLIN  |d CU-RivES  |d Cengage Gale  |d UtOrBLW 
050 4 |a AC4  |b .D846 1775 
100 1 |a Dufour, Philippe Sylvestre,  |d 1622-1687. 
240 1 0 |a Instruction morale d'un père à son fils.  |l English 
245 1 0 |a Moral instructions of a father to his son, ready to undertake a long voyage :  |b Or, An Easy manner of forming a young man to all kinds of virtue. Transalated from the French of Silvester du Four. To which is added, a collection of moral instruction in prose and verse, from the best authors. 
264 1 |a Edinburgh :  |b Printed for W. Gray, and C. Elliot, Booksellers,  |c MDCCLXXV. [1775] 
300 |a 1 online resource (168 pages)  
336 |a text  |b txt  |2 rdacontent 
337 |a computer  |b c  |2 rdamedia 
338 |a online resource  |b cr  |2 rdacarrier 
500 |a Du Four is sometimes regarded as a pseudonym of Jacob Spon. 
500 |a A translation of 'Instruction morale d'un père à son fils', first published in 1677. 
510 4 |a English Short Title Catalog,  |c T170125. 
500 |a Reproduction of original from British Library. 
500 |a Electronic resource. 
650 0 |a Conduct of life.  |0 http://id.loc.gov/authorities/subjects/sh85030802 
655 7 |a Electronic books.  |2 local 
710 2 |a Gale (Firm)  |0 http://id.loc.gov/authorities/names/no2008071348 
752 |a Great Britain  |b Scotland  |d Edinburgh. 
856 4 0 |u http://proxy.library.tamu.edu/login?url=http://find.galegroup.com/ecco/infomark.do?contentSet=ECCOArticles&docType=ECCOArticles&bookId=1568701000&type=getFullCitation&tabID=T001&prodId=ECCO&docLevel=TEXT_GRAPHICS&version=1.0&source=library&userGroupName=txshracd2898  |z Connect to the full text of this electronic book  |t 0 
999 f f |s 7791a6c3-6c3d-3890-842c-11b5937de585  |i c7abea2b-57e0-33f8-81a2-d46354564978  |t 0 
952 f f |a Texas A&M University  |b College Station  |c Electronic Resources  |d Available Online  |t 0  |e AC4 .D846 1775  |h Library of Congress classification 
998 f f |a AC4 .D846 1775  |t 0  |l Available Online